| 000 | 00639nam a2200193Ii 4500 | ||
|---|---|---|---|
| 003 | JO-AjNU | ||
| 008 | 230605s9999||||xx |||||||||||||| ||und|| | ||
| 040 |
_aJO-AjNU _bara _erda _cJO-AjNU |
||
| 041 | _aara | ||
| 050 | 1 | 4 | _aKRM970.T34.1995 |
| 100 | 3 |
_aطه، مصطفى كمال, _eauthor _935294 |
|
| 245 | 0 | 0 | _aمبادئ القانون البحري |
| 264 | 3 | 1 | _aالاسكندرية : منشأة ، 1995 |
| 300 | _a556ص | ||
| 336 |
_atext _btxt _2rdacontent |
||
| 337 |
_aunmediated _bn _2rdamedia |
||
| 338 |
_avolume _bnc _2rdacarrier |
||
| 650 | 4 |
_aالقانون البحري -- مصر-- النقل البحري -- مصر _935295 |
|
| 999 |
_aA14557 _c18125 _d18125 |
||